| 000 | 00495nam a2200181 i 4500 | ||
|---|---|---|---|
| 001 | 44184 | ||
| 003 | ES-MaACL | ||
| 005 | 20250629063120.0 | ||
| 007 | t| | ||
| 008 | 030320s1963 sp ||||1| spa d | ||
| 100 | 1 |
_aCid-Prat, José María _938771 |
|
| 245 | 1 | 3 |
_aEl trueno / _cJosé María Cid-Prat. |
| 260 |
_aMadrid : _bCid, _c[1963] |
||
| 300 |
_a243 p. ; _c20 cm. |
||
| 500 | _aPremio Ondas de Novela 1963. | ||
| 852 |
_aES-MaACL _jC-23407 _bR.52052 |
||
| 999 |
_c44184 _d44184 |
||